Statistics for Countries With Texas Roadhouse

Click here to take the quiz!

General Stats

  • This quiz has been taken 41 times
  • The average score is 2 of 5

Answer Stats

Country % Correct
United States
100%
United Arab Emirates
41%
Saudi Arabia
41%
Kuwait
26%
Taiwan
15%

Score Distribution

Percentile by Number Answered

Percent of People with Each Score

Your Score History

You have not taken this quiz